Misas herejes. La canción del Barrio y otras poesias (Registro nro. 297683)
[ vista simple ]
| 000 -ENCABEZADO | |
|---|---|
| Número de control [NR] | 01191nam a22002417a 4500 |
| 005 - FECHA Y HORA DE LA ÚLTIMA TRANSACCIÓN | |
| control field | 20141110153155.0 |
| 008 - DE LONGITUD FIJA DE DATOS DE ELEMENTOS - INFORMACIÓN GENERAL | |
| Elementos de longitud fija [NR] | 141110s1925 ag ||||fr|||| 001 p spa d |
| 040 ## - FUENTE DE CATALOGACION [NR] | |
| Quien Cataloga | Sandra Yazo |
| Quien Clasifica | Sandra Yazo |
| 041 ## - CODIGO DE IDIOMA [R] | |
| Código de idioma para texto/pista de sonido o título separado [R] | Español |
| 082 04 - NUMERO DE CLASIFICACION DECIMAL DEWEY [R] | |
| Número de la edición [NR] | 20 |
| Número de clasificación [R] | 861.6982 |
| 092 ## - SIGNATURA TOPOGRAFICA LOCAL | |
| Número de clasificación local | E34N023 |
| 100 1# - ASIENTO PRINCIPAL--NOMBRE PERSONAL [NR] | |
| Nombre personal [NR] | Carriego, Evaristo |
| Fechas asociadas con el nombre [NR] | 1883-1912 |
| ID Autoridad | 65789 |
| 245 10 - MENCION DE TITULO [NR] | |
| Título [NR] | Misas herejes. La canción del Barrio y otras poesias |
| 260 ## - PUBLICACION, DISTRIBUCION, ETC. (PIE DE IMPRENTA) [R] | |
| Lugar de publicación, distribución, etc. [R] | Buenos Aires (Argentina) |
| Nombre del editor, distribuidor, etc. [R] | Editorial Tor |
| Fecha de publicación, distribución, etc. [R] | 1925 |
| 300 ## - DESCRIPCION FISICA [R] | |
| Extensión [R] | 157 páginas |
| Dimensiones [R] | 19 x 13 cm. |
| 500 ## - NOTA GENERAL [R] | |
| Nota general [NR] | Detalles físicos: Encuadernación rígida en cartón forrada en papel. Lomo en tela con adornos en dorado. Guardas. Anteportada. Portada impresa en una sola tinta. Texto impreso en una sola columna. Papel manchado |
| 505 ## - NOTA DE CONTENIDO CON FORMATO PREESTABLECIDO [R] | |
| Nota de contenido con formato preestablecido [NR] | Misas herejes: Viejos Sermones ; Envíos ; Ofertorios Galantes ; El alma del Suburbio ; Ritos en la Sombra ; Poemas póstumos: La canción de Barrio ; La costurerita que dió aquel mal paso ; Intimas ; Envíos ; Leyenda a Dumas ; Interior |
| 506 ## - NOTA DE RESTRICCIONES DE ACCESO [R] | |
| Condiciones de acceso [NR] | Consulta en sala |
| 650 #7 - ASIENTO SECUNDARIO DE MATERIA - TERMINO TEMATICO [R] | |
| 9 (RLIN) | 21783 |
| Término temático o nombre geográfico como elemento de entrada [NR] | Poesía argentina |
| 650 #7 - ASIENTO SECUNDARIO DE MATERIA - TERMINO TEMATICO [R] | |
| 9 (RLIN) | 18607 |
| Término temático o nombre geográfico como elemento de entrada [NR] | Literatura argentina |
| 690 ## - ASUNTO AGREGADO LOCAL DE ENTRADA - TÉRMINO TEMÁTICO (OCLC, RLIN) | |
| 9 (RLIN) | 42866 |
| Acceso temático local | Literatura latinoamericana |
| 942 ## - ELEMENTOS DE ENTRADA AGREGADOS (KOHA) | |
| Sistema de clasificación | LOCAL |
| Tipo de ítem principal el descrito en 300a | Libro |
| Edición | 1 |
| Clasificación | E34N023 |
| Suprimido | Perdido | Sistema de clasificación | Dañado | No prestable | Tipo de ítem específico | Ubicación habitual | Ubicación actual | Localización | Fecha de creación | Forma de adquisición | Costo | Total préstamos | Signatura topográfica | Código de barras | Última vez visto | Ejemplar | Price effective from | Tipo de ítem |
|---|---|---|---|---|---|---|---|---|---|---|---|---|---|---|---|---|---|---|
| LOCAL | Libro archivo | Archivo Histórico | Archivo Histórico | Archivo histórico | 10/11/2014 | Donación | 0.00 | E34N023 | L004710 | 10/11/2014 | Ej.1 | 10/11/2014 | Libro |